000
00325nam a22001457a 4500
008
230913b ||||| |||| 00| 0 eng d
020
_a
9780452269880
041
_a
eng
080
_a
521
082
_a
521WHI
100
_a
19
101
_a
ASTRO
245
_a
STEPHEN HAWKING A LIFE IN SCIENCE
_c
WHITE.M
942
_2
udc
_c
BK
999
_c
60353
_d
60353